000
00220nam a22000857a 4500
008
161201b xxu||||| |||| 00| 0 eng d
100
_9
1671
_a
Labatt.M
245
_a
Sam wonts to play
260
_a
New Delhi
_b
N.Y Scholastics
_c
2006
999
_c
4384
_d
4384